| 000 | 00769nam a22002057a 4500 | ||
|---|---|---|---|
| 999 |
_c15632 _d15632 |
||
| 003 | AR-CdUCM | ||
| 008 | 190429b ||||| |||| 00| 0 esp d | ||
| 040 |
_aMUNICIPALIDAD PROVINCIAL DEL CUSCO _cBIBLIOTECA MUNICIPAL DEL CUSCO |
||
| 082 |
_a891.70 / _bE32 |
||
| 100 |
_aEhrenburg, Ilya _99817 |
||
| 245 |
_a¡Resistir, Rechazar, Derrotar! / _cIlya Ehrenburg |
||
| 260 |
_aMoscú : _bEdiciones en lenguas extranjeras, _c1942. |
||
| 300 |
_a119 paginas ; _c21 cm. |
||
| 505 | _aEl basilisco -- Seda y piojos -- Respuesta a Ribbentrop -- La prueba -- El milagro -- Desilusión de un mercenario -- El Dolor de Francia ... | ||
| 650 |
_aMercenarios _934758 |
||
| 650 |
_aLa guerra _934759 |
||
| 650 |
_aAlemania _91327 |
||
| 942 |
_2ddc _cLIBROS |
||
| 945 |
_aacrt _d2019-04-29 |
||